00474nam a2200133Ia 4500008004100000245011200041260004900153260000900202300001000211500001200221650001600233999001900249952007200268170224s9999 xx 000 0 und d aGovernment instability shifts skin tone representations of and intentions to vote for political candidates. bJournal of Personality and Social Psychology c2016 a110:1 aJanuary xPsychology. c316502d316502 001040aCLbCLd2017-02-24l0r2017-02-24 00:00:00w2017-02-24ySE